Comparing thermal stimulation techniques in infrared thermographic inspection of corrosion in steel; IOP Conference Series: Materials Science and Engineering; Vol. 81 : Radiation-Thermal Effects and Processes in Inorganic Materials

Xehetasun bibliografikoak
Parent link:IOP Conference Series: Materials Science and Engineering
Vol. 81 : Radiation-Thermal Effects and Processes in Inorganic Materials.— 2015.— [012100, 9 p.]
Egile nagusia: Chulkov A. O. Arseniy Olegovich
Erakunde egilea: Национальный исследовательский Томский политехнический университет (ТПУ) Институт неразрушающего контроля (ИНК) Лаборатория № 34 (Тепловых методов контроля)
Beste egile batzuk: Vavilov V. P. Vladimir Platonovich
Gaia:Title screen
Remote detection of corrosion in metals is a developing application area of active thermal nondestructive testing. In this study, emphasis is made on the optimization of heating techniques that is of a major interest in practical surveys. Some popular data processing techniques, such as Fourier transform, correlation and principal component analysis, are also quantitatively compared in application to corrosion detection in 1-2 mm thick steel by applying a criterion of signal-to-noise ratio. The best inspection results have been obtained by using powerful halogen lamps and air blowers. Material loss of about 25 % with lateral dimensions greater than 10x10 mm can be reliably identified in practical tests. The use of Xenon flash tubes is inefficient because of significant steel thickness. LED panels have not provided expected results due to low absorption of LED quasi-monochromatic radiation.
Режим доступа: по договору с организацией-держателем ресурса
Hizkuntza:ingelesa
Argitaratua: 2015
Gaiak:
Sarrera elektronikoa:http://dx.doi.org/10.1088/1757-899X/81/1/012100
http://earchive.tpu.ru/handle/11683/14744
Formatua: MixedMaterials Baliabide elektronikoa Liburu kapitulua
KOHA link:https://koha.lib.tpu.ru/cgi-bin/koha/opac-detail.pl?biblionumber=643034

MARC

LEADER 00000nla2a2200000 4500
001 643034
005 20240205114449.0
035 |a (RuTPU)RU\TPU\network\8022 
035 |a RU\TPU\network\8020 
090 |a 643034 
100 |a 20150827a2015 k y0engy50 ba 
101 0 |a eng 
102 |a GB 
105 |a y z 100zy 
135 |a drcn ---uucaa 
181 0 |a i  
182 0 |a b 
200 1 |a Comparing thermal stimulation techniques in infrared thermographic inspection of corrosion in steel  |f A. O. Chulkov, V. P. Vavilov 
203 |a Text  |c electronic 
300 |a Title screen 
320 |a [References: 16 tit.] 
330 |a Remote detection of corrosion in metals is a developing application area of active thermal nondestructive testing. In this study, emphasis is made on the optimization of heating techniques that is of a major interest in practical surveys. Some popular data processing techniques, such as Fourier transform, correlation and principal component analysis, are also quantitatively compared in application to corrosion detection in 1-2 mm thick steel by applying a criterion of signal-to-noise ratio. The best inspection results have been obtained by using powerful halogen lamps and air blowers. Material loss of about 25 % with lateral dimensions greater than 10x10 mm can be reliably identified in practical tests. The use of Xenon flash tubes is inefficient because of significant steel thickness. LED panels have not provided expected results due to low absorption of LED quasi-monochromatic radiation. 
333 |a Режим доступа: по договору с организацией-держателем ресурса 
337 |a Adobe Reader 
461 1 |0 (RuTPU)RU\TPU\network\2008  |t IOP Conference Series: Materials Science and Engineering 
463 1 |0 (RuTPU)RU\TPU\network\7891  |t Vol. 81 : Radiation-Thermal Effects and Processes in Inorganic Materials  |o International Scientific Conference, 3-8 November 2014, Tomsk, Russia  |o [proceedings]  |v [012100, 9 p.]  |d 2015 
610 1 |a электронный ресурс 
610 1 |a труды учёных ТПУ 
610 1 |a тепловизоры 
610 1 |a стали 
610 1 |a коррозия металлов 
610 1 |a тепловой контроль 
610 1 |a тепловой неразрушающий контроль 
700 1 |a Chulkov  |b A. O.  |c specialist in the field of non-destructive testing  |c Deputy Director for Scientific and Educational Activities; acting manager; Senior Researcher, Tomsk Polytechnic University, Candidate of Technical Sciences  |f 1989-  |g Arseniy Olegovich  |3 (RuTPU)RU\TPU\pers\32220  |9 16220 
701 1 |a Vavilov  |b V. P.  |c Specialist in the field of dosimetry and methodology of nondestructive testing (NDT)  |c Doctor of technical sciences (DSc), Professor of Tomsk Polytechnic University (TPU)  |f 1949-  |g Vladimir Platonovich  |3 (RuTPU)RU\TPU\pers\32161  |9 16163 
712 0 2 |a Национальный исследовательский Томский политехнический университет (ТПУ)  |b Институт неразрушающего контроля (ИНК)  |b Лаборатория № 34 (Тепловых методов контроля)  |3 (RuTPU)RU\TPU\col\19616 
801 2 |a RU  |b 63413507  |c 20161212  |g RCR 
856 4 |u http://dx.doi.org/10.1088/1757-899X/81/1/012100 
856 4 |u http://earchive.tpu.ru/handle/11683/14744 
942 |c CF